| 000 | 00608nam a2200205Ia 4500 | ||
|---|---|---|---|
| 001 | 16982 | ||
| 003 | GE_BSU | ||
| 008 | 181216s||||||||xx |||||||||||||| ||und|| | ||
| 040 | _cGE_BSU | ||
| 080 | _a821.353.1-1 + 821.353.1-11 | ||
| 100 | _aბერულავა, ხ. | ||
| 245 | _aერთტომეული | ||
| 245 | _bლექსები, პოემები | ||
| 260 | _aთბილისი | ||
| 260 | _bსახელგამი | ||
| 260 | _c1957 | ||
| 300 | _a374გვ. : 1ფურც. პორტრ. ; 22სმ. | ||
| 653 | _aერთტომეული | ||
| 942 | _cBK | ||
| 999 |
_c50044 _d50044 |
||